[Event "Moia MC 4th"]
[Site "Moia"]
[Date "2015.11.06"]
[Round "8"]
[White "Companyo Pagerols, Josep Maria"]
[Black "Valldeoriola Puigdoller, Agusti"]
[Result "0-1"]
[WhiteElo "2083"]
[BlackElo "1948"]
[PlyCount "110"]
[EventDate "2015.09.18"]
[EventType "tourn"]
[EventRounds "9"]
[EventCountry "ESP"]
[SourceTitle "EXT 2017"]
[Source "ChessBase"]
[SourceDate "2016.10.25"]
[SourceVersion "1"]
[SourceVersionDate "2016.10.25"]
[SourceQuality "1"]

1. f4 e5 2. fxe5 d6 3. Nf3 dxe5 4. e4 Bc5 5. Bc4 Nf6 6. Qe2 Nc6 7. c3 Bg4 8. b4 Bb6 9. a4 a6 10. Na3 Qe7 11. Nc2 a5 12. Bb5 0-0 13. Bxc6 bxc6 14. bxa5 Rxa5 15. Nb4 Qd7 16. Nd3 Re8 17. Nf2 Bxf2+ 18. Kxf2 Rea8 19. Rf1 Rxa4 20. Rxa4 Rxa4 21. d3 Bxf3 22. Qxf3 Ra2+ 23. Kg1 Qg4 24. Be3 Rc2 25. Rc1 Qxf3 26. gxf3 Rxc1+ 27. Bxc1 Nd7 28. Kf2 f6 29. Ke3 Kf7 30. f4 exf4+ 31. Kxf4 Ne5 32. Ke3 Ng4+ 33. Kd4 Ke6 34. Bf4 Kd7 35. Bg3 h5 36. e5 fxe5+ 37. Bxe5 Nxe5 38. Kxe5 Ke7 39. d4 Kf7 40. c4 Ke7 41. h3 Kf7 42. d5 cxd5 43. Kxd5 g5 44. Ke5 Ke7 45. c5 g4 46. hxg4 hxg4 47. Kf4 Ke6 48. Kxg4 Kd5 49. c6 Kxc6 50. Kf4 Kb5 51. Ke3 Kc4 52. Kd2 Kb3 53. Kc1 c5 54. Kb1 c4 55. Kc1 Kc3 0-1

[Event "Moia MC 4th"]
[Site "Moia"]
[Date "2015.10.02"]
[Round "3"]
[White "Companyo Pagerols, Josep Maria"]
[Black "Prats Rodriguez, Juan Bosco"]
[Result "1-0"]
[WhiteElo "2083"]
[BlackElo "1995"]
[PlyCount "66"]
[EventDate "2015.09.18"]
[EventType "tourn"]
[EventRounds "9"]
[EventCountry "ESP"]
[SourceTitle "EXT 2017"]
[Source "ChessBase"]
[SourceDate "2016.10.25"]
[SourceVersion "1"]
[SourceVersionDate "2016.10.25"]
[SourceQuality "1"]

1. f4 g6 2. Nf3 Bg7 3. e3 d6 4. Be2 e5 5. fxe5 dxe5 6. e4 Nf6 7. Nc3 0-0 8. Bc4 Nc6 9. d3 Bg4 10. h3 Bxf3 11. Qxf3 Nd4 12. Qf2 c6 13. 0-0 b5 14. Bb3 Qb6 15. Be3 Qc7 16. Ne2 Nxb3 17. axb3 Nd7 18. b4 f5 19. exf5 Rxf5 20. Qh4 Bf6 21. Qe4 Rxf1+ 22. Rxf1 a5 23. Nc3 Rc8 24. bxa5 Qxa5 25. Qg4 Qd8 26. Qe6+ Kg7 27. Ne4 Rc7 28. Nxf6 Nxf6 29. Rxf6 Re7 30. Qxc6 Rc7 31. Qb6 Qe7 32. Re6 Qf7 33. Bg5 Rb7 1-0

[Event "Moia MC 4th"]
[Site "Moia"]
[Date "2015.09.25"]
[Round "2"]
[White "Diaz Munoz, Sergi"]
[Black "Companyo Pagerols, Josep Maria"]
[Result "0-1"]
[WhiteElo "2014"]
[BlackElo "2083"]
[PlyCount "102"]
[EventDate "2015.09.18"]
[EventType "tourn"]
[EventRounds "9"]
[EventCountry "ESP"]
[SourceTitle "EXT 2017"]
[Source "ChessBase"]
[SourceDate "2016.10.25"]
[SourceVersion "1"]
[SourceVersionDate "2016.10.25"]
[SourceQuality "1"]

1. e4 e6 2. d4 d5 3. Nc3 Bb4 4. e5 c5 5. a3 Bxc3+ 6. bxc3 Nc6 7. Nf3 Nge7 8. Bd3 Qa5 9. Bd2 c4 10. Be2 Bd7 11. h4 f6 12. 0-0 0-0-0 13. Qb1 fxe5 14. Nxe5 Nxe5 15. dxe5 Ng6 16. Qb4 Qc7 17. Rab1 Bc6 18. Bg4 Rde8 19. g3 h5 20. Bh3 Nxe5 21. Bf4 Rhf8 22. Bxe6+ Kb8 23. Bxe5 Qxe5 24. Bd7 Qc7 25. Bxe8 Rxe8 26. Rfe1 Qf7 27. Qd6+ Ka8 28. Re5 Rf8 29. f4 a6 30. Rbe1 Rc8 31. Re7 Qf8 32. Qg6 Qd8 33. Qxg7 Qd6 34. Qd4 Qg6 35. Rg7 Qxc2 36. Rg5 Bd7 37. Rxd5 Bc6 38. Qd2 Qg6 39. Rg5 Qf6 40. Rd1 Qf8 41. Qd6 Qe8 42. Re5 Qg8 43. Qe6 Qxg3+ 44. Kf1 Bg2+ 45. Ke2 Bf3+ 46. Kf1 Bg2+ 47. Ke2 Qf3+ 48. Ke1 Qf1+ 49. Kd2 Rd8+ 50. Rd5 Rxd5+ 51. Qxd5 Qf2+ 0-1

[Event "Tarrega"]
[Site "Tarrega"]
[Date "2010.04.30"]
[Round "4"]
[White "Monell Camarasa, David"]
[Black "Companyo Pagerols, Josep Maria"]
[Result "1-0"]
[WhiteElo "2260"]
[BlackElo "2113"]
[PlyCount "67"]
[EventDate "2010.04.09"]
[EventType "tourn"]
[EventRounds "9"]
[EventCountry "ESP"]
[SourceTitle "EXT 2011"]
[Source "ChessBase"]
[SourceDate "2010.11.26"]
[SourceVersion "1"]
[SourceVersionDate "2010.11.26"]
[SourceQuality "1"]

1. Nf3 e6 2. b3 b6 3. e4 Bb7 4. d3 d5 5. exd5 Qf6 6. d4 exd5 7. Bd3 Bd6 8. 0-0 h6 9. Ne5 c6 10. Re1 Ne7 11. c3 Bc8 12. Qh5 Be6 13. Re3 g6 14. Qe2 Nf5 15. Rf3 Bxe5 16. dxe5 Qe7 17. a4 a5 18. Na3 Nd7 19. Nc2 h5 20. h3 c5 21. Bd2 Nh4 22. Rf4 g5 23. Rf6 Rg8 24. Bb5 g4 25. Kh2 0-0-0 26. Bxd7+ Qxd7 27. hxg4 Rxg4 28. g3 Nf5 29. Ne3 Nxe3 30. Bxe3 h4 31. Bf4 Rh8 32. Kg2 Qc6 33. Qxg4 d4+ 34. f3 1-0

[Event "Tarrega"]
[Site "Tarrega"]
[Date "2010.04.23"]
[Round "3"]
[White "Companyo Pagerols, Josep Maria"]
[Black "Tressents Pla, Lluis"]
[Result "0-1"]
[WhiteElo "2113"]
[BlackElo "2091"]
[PlyCount "94"]
[EventDate "2010.04.09"]
[EventType "tourn"]
[EventRounds "9"]
[EventCountry "ESP"]
[SourceTitle "EXT 2011"]
[Source "ChessBase"]
[SourceDate "2010.11.26"]
[SourceVersion "1"]
[SourceVersionDate "2010.11.26"]
[SourceQuality "1"]

1. f4 d5 2. Nf3 c5 3. b3 Nc6 4. Bb2 Nf6 5. e3 a6 6. Be2 Bg4 7. Ne5 Bxe2 8. Qxe2 e6 9. Nxc6 bxc6 10. 0-0 Be7 11. d3 0-0 12. Nd2 Qc7 13. Be5 Qb6 14. Rf3 Nd7 15. Rh3 g6 16. Bc3 Qd8 17. e4 Bf6 18. e5 Bg7 19. Rf1 Qe7 20. Qg4 Rfe8 21. Nf3 a5 22. a4 c4 23. dxc4 dxc4 24. Ng5 Nf8 25. Ne4 cxb3 26. cxb3 Red8 27. Kh1 Rd5 28. Nf6+ Bxf6 29. exf6 Qc5 30. Be5 Rad8 31. Rc3 Qb4 32. Rxc6 Rxe5 33. Rc4 Re1 34. Rc1 Rxc1 35. Rxc1 Qd4 36. h3 Qxf6 37. Rc5 Qa1+ 38. Kh2 Rd1 39. Qe2 Qd4 40. Rc4 Qd5 41. Qf2 Rd2 42. Qg3 h5 43. h4 Nd7 44. Rc8+ Kg7 45. Rc7 Nf6 46. f5 Ng4+ 47. Kh3 Rd3 0-1

[Event "Sant Boi de Llobregat op 21st"]
[Site "Sant Boi de Llobregat"]
[Date "2009.06.05"]
[Round "6.9"]
[White "Bonsoms Canet, Frederic"]
[Black "Companyo Pagerols, Josep Maria"]
[Result "0-1"]
[WhiteElo "1805"]
[BlackElo "2089"]
[PlyCount "50"]
[EventDate "2009.04.24"]
[EventType "swiss"]
[EventRounds "8"]
[EventCountry "ESP"]
[SourceTitle "EXT 2024"]
[Source "ChessBase"]
[SourceDate "2023.10.10"]
[SourceVersion "1"]
[SourceVersionDate "2023.10.10"]
[SourceQuality "1"]

1. e4 e6 2. d4 d5 3. exd5 exd5 4. Nf3 c5 5. c3 Nf6 6. Bg5 Bd6 7. Be2 0-0 8. 0-0 Nbd7 9. Nbd2 Qc7 10. Bxf6 Nxf6 11. dxc5 Bxc5 12. Nd4 a6 13. h3 Bd7 14. Bd3 Rae8 15. Qc2 g6 16. Rac1 Nh5 17. N2f3 Nf4 18. Ne2 Nxh3+ 19. gxh3 Bxh3 20. Nfd4 Bxf1 21. Rxf1 Qe5 22. f4 Qh5 23. Rf2 Re3 24. Kf1 Rfe8 25. f5 Qh1+ 0-1

[Event "Sant Boi de Llobregat op 21st"]
[Site "Sant Boi de Llobregat"]
[Date "2009.05.15"]
[Round "3.2"]
[White "Companyo Pagerols, Josep Maria"]
[Black "Gonzalez Rodriguez, Jorge Armando"]
[Result "0-1"]
[WhiteElo "2089"]
[BlackElo "2407"]
[PlyCount "116"]
[EventDate "2009.04.24"]
[EventType "swiss"]
[EventRounds "8"]
[EventCountry "ESP"]
[SourceTitle "EXT 2024"]
[Source "ChessBase"]
[SourceDate "2023.10.10"]
[SourceVersion "1"]
[SourceVersionDate "2023.10.10"]
[SourceQuality "1"]

1. f4 e6 2. e3 b6 3. Nf3 Bb7 4. b3 Nf6 5. Bb2 g6 6. Be2 Bg7 7. 0-0 0-0 8. Qe1 d6 9. a4 a6 10. d3 c5 11. e4 Nc6 12. Nbd2 Re8 13. h3 Nxe4 14. Bxg7 Nxd2 15. Bb2 Nxf3+ 16. Bxf3 d5 17. Qf2 a5 18. Rae1 f6 19. Qh4 f5 20. Bf6 Qd7 21. Re2 Rf8 22. Rfe1 Rae8 23. g4 Qf7 24. Bg5 Nd4 25. Rf2 e5 26. fxe5 Nxf3+ 27. Rxf3 d4 28. Rf2 Qd5 29. Kh2 Rxe5 30. Ref1 f4 31. Bf6 Re3 32. Qg5 Qxg5 33. Bxg5 f3 34. Bh6 Rfe8 35. Kg3 Re2 36. Bf4 R2e6 37. Bh6 Kf7 38. Bg5 Kg7 39. Bf4 Kf6 40. Bd2 Bd5 41. Bf4 Ke7 42. Bd2 Kd7 43. Bf4 Kc6 44. Bd2 Re5 45. Rh1 Re2 46. Rhf1 Rxf2 47. Rxf2 b5 48. axb5+ Kxb5 49. Kf4 a4 50. bxa4+ Kxa4 51. Kg5 Bc6 52. Kh6 Re7 53. Bg5 Re2 54. Rxe2 fxe2 55. Bh4 Ka3 56. Kxh7 Kb2 57. Kxg6 Kxc2 58. Kf6 c4 0-1

[Event "Barbera del Valles op 31st"]
[Site "Barbera del Valles"]
[Date "2008.07.05"]
[Round "2"]
[White "Ravot, Sylvain"]
[Black "Companyo Pagerols, Josep Maria"]
[Result "1-0"]
[WhiteElo "2236"]
[BlackElo "2090"]
[PlyCount "55"]
[EventDate "2008.07.04"]
[EventType "swiss"]
[EventRounds "9"]
[EventCountry "ESP"]
[SourceTitle "CBM 125 Extra"]
[Source "ChessBase"]
[SourceDate "2008.09.01"]
[SourceVersion "1"]
[SourceVersionDate "2008.09.01"]
[SourceQuality "1"]

1. e4 e6 2. d4 d5 3. Nd2 c5 4. exd5 exd5 5. Ngf3 Nc6 6. Bb5 Nf6 7. 0-0 Be7 8. dxc5 Bxc5 9. Re1+ Be6 10. Nb3 Bb6 11. Nbd4 Qc8 12. Bxc6+ bxc6 13. Nf5 Kf8 14. N5d4 Ne4 15. Nxe6+ Qxe6 16. Be3 c5 17. c4 d4 18. Bf4 Qf5 19. Qd3 Re8 20. Be5 f6 21. Rxe4 fxe5 22. Rae1 Kf7 23. Rxd4 Qxd3 24. Rxd3 Kf6 25. Rd6+ Kf5 26. Rd5 Re6 27. Nxe5 Rhe8 28. Nd7+ 1-0

[Event "Barbera del Valles op 31st"]
[Site "Barbera del Valles"]
[Date "2008.07.04"]
[Round "1"]
[White "Companyo Pagerols, Josep Maria"]
[Black "Gomez Jurado, Luis Alberto"]
[Result "0-1"]
[WhiteElo "2090"]
[BlackElo "2299"]
[PlyCount "116"]
[EventDate "2008.07.04"]
[EventType "swiss"]
[EventRounds "9"]
[EventCountry "ESP"]
[SourceTitle "CBM 125 Extra"]
[Source "ChessBase"]
[SourceDate "2008.09.01"]
[SourceVersion "1"]
[SourceVersionDate "2008.09.01"]
[SourceQuality "1"]

1. f4 d5 2. Nf3 d4 3. b3 g6 4. Bb2 Bg7 5. c3 Nc6 6. cxd4 Nxd4 7. Nxd4 Bxd4 8. Qc1 Nf6 9. e3 Bxb2 10. Qxb2 0-0 11. Be2 Bf5 12. Nc3 c6 13. d4 Qd7 14. Bf3 Qe6 15. Qe2 Nd5 16. Bxd5 cxd5 17. 0-0 Rac8 18. Rac1 Rc6 19. Na4 b6 20. Qd2 Rfc8 21. Rc3 h5 22. Rfc1 Kg7 23. Rxc6 Rxc6 24. Rxc6 Qxc6 25. Qc3 Qe6 26. Kf2 Be4 27. h3 Qf6 28. Kg1 g5 29. Qc7 gxf4 30. Qxf4 Qxf4 31. exf4 Kf6 32. Kf2 Kf5 33. g3 e6 34. Nc3 Bd3 35. Kf3 f6 36. a3 e5 37. Ke3 exd4+ 38. Kxd4 Bf1 39. Nxd5 Bxh3 40. Ne3+ Ke6 41. Ke4 Kd6 42. f5 Kc5 43. b4+ Kc6 44. Kd4 Kb5 45. Kc3 a5 46. Kb3 axb4 47. axb4 Kc6 48. Kc4 Kd6 49. Kb5 Ke5 50. Kxb6 Ke4 51. Nc4 Kf3 52. Kc5 Kxg3 53. b5 Bg2 54. Nb6 h4 55. Nd5 Bxd5 56. Kxd5 h3 57. Ke6 h2 58. Kxf6 h1Q 0-1

[Event "Hostafrancs op 5th"]
[Site "Barcelona"]
[Date "2003.08.31"]
[Round "2"]
[White "Companyo Pagerols, Josep Maria"]
[Black "Vehi Bach, Victor Manuel"]
[Result "0-1"]
[WhiteElo "2072"]
[BlackElo "2416"]
[PlyCount "100"]
[EventDate "2003.08.30"]
[EventType "swiss"]
[EventRounds "9"]
[EventCountry "ESP"]
[SourceTitle "EXT 2004"]
[Source "ChessBase"]
[SourceDate "2003.11.25"]
[SourceVersion "1"]
[SourceVersionDate "2003.11.25"]
[SourceQuality "1"]

1. f4 c5 2. Nf3 g6 3. e4 Bg7 4. Bc4 Nc6 5. 0-0 e6 6. e5 Nge7 7. c3 d5 8. Bb5 0-0 9. d4 Qb6 10. Bxc6 bxc6 11. dxc5 Qxc5+ 12. Kh1 Qb6 13. b4 a5 14. Qd4 Qa6 15. Nbd2 f6 16. Ba3 Nf5 17. Qf2 Qa7 18. Qxa7 Rxa7 19. bxa5 Rff7 20. Nb3 Ne3 21. Bc5 Nxf1 22. Bxa7 Rxa7 23. Rxf1 Ba6 24. Rc1 fxe5 25. fxe5 Bc4 26. Nfd4 Bxb3 27. Nxb3 Bf8 28. Rc2 c5 29. g3 Ra6 30. Kg2 c4 31. Nd4 Bc5 32. a4 Bxd4 33. cxd4 Rxa5 34. Ra2 Kf7 35. Kf2 Ke8 36. Ke2 Kd7 37. Kd2 Kc6 38. Kc3 Ra7 39. Kb4 Rb7+ 40. Ka5 Rb3 41. Ka6 Rd3 42. Rb2 c3 43. Rb6+ Kd7 44. Rb7+ Ke8 45. Rb8+ Kf7 46. Rb7+ Kg8 47. Rc7 Rxd4 48. Rxc3 Rxa4+ 49. Kb5 Re4 50. Kc6 Rc4+ 0-1

[Event "Martorell op-A"]
[Site "Martorell"]
[Date "1997.??.??"]
[Round "1"]
[White "Companyo Pagerols, Josep Maria"]
[Black "Lopez Agustench, Eduard"]
[Result "0-1"]
[WhiteElo "2090"]
[BlackElo "2350"]
[PlyCount "98"]
[EventDate "1997.09.??"]
[EventType "swiss"]
[EventRounds "9"]
[EventCountry "ESP"]
[SourceTitle "EXT 2003"]
[Source "ChessBase"]
[SourceDate "2002.11.25"]
[SourceVersion "1"]
[SourceVersionDate "2002.11.25"]
[SourceQuality "1"]

1. d4 Nf6 2. Nf3 c5 3. d5 d6 4. c4 e5 5. Bg5 Be7 6. Bxf6 Bxf6 7. e4 0-0 8. Bd3 g6 9. Nc3 Bg7 10. 0-0 f5 11. Nd2 Bh6 12. a3 Nd7 13. Qc2 Kh8 14. b4 b6 15. Ne2 Nf6 16. f3 Nh5 17. f4 exf4 18. exf5 Bxf5 19. Bxf5 Rxf5 20. Nc3 Bg7 21. Nf3 Rf8 22. Rae1 g5 23. Ne4 h6 24. h3 Qd7 25. Re2 Rf7 26. Rfe1 Raf8 27. Nf2 Ng3 28. Re6 Nf5 29. Ng4 Qd8 30. Qe4 Rg8 31. Kh2 h5 32. Re8 Qxe8 33. Qxe8 Rxe8 34. Rxe8+ Rf8 35. Rxf8+ Bxf8 36. Nf6 Be7 37. Ne4 g4 38. hxg4 hxg4 39. Nfd2 Ne3 40. b5 Kg7 41. g3 f3 42. Kg1 Kg6 43. Kf2 Nc2 44. a4 Kf5 45. Nc3 Ke5 46. Nd1 Kd4 47. Nf1 Kxc4 48. Nfe3+ Nxe3 49. Nxe3+ Kb3 0-1

[Event "Martorell op-A"]
[Site "Martorell"]
[Date "1997.??.??"]
[Round "8"]
[White "Huesca Vancell, David"]
[Black "Companyo Pagerols, Josep Maria"]
[Result "1/2-1/2"]
[WhiteElo "2175"]
[BlackElo "2090"]
[PlyCount "40"]
[EventDate "1997.09.??"]
[EventType "swiss"]
[EventRounds "9"]
[EventCountry "ESP"]
[SourceTitle "EXT 2003"]
[Source "ChessBase"]
[SourceDate "2002.11.25"]
[SourceVersion "1"]
[SourceVersionDate "2002.11.25"]
[SourceQuality "1"]

1. d4 Nf6 2. c4 g6 3. Nc3 d5 4. cxd5 Nxd5 5. e4 Nxc3 6. bxc3 Bg7 7. Bc4 c5 8. Ne2 Nc6 9. Be3 0-0 10. 0-0 Na5 11. Bd3 cxd4 12. cxd4 b6 13. Rc1 e6 14. Qa4 Bd7 15. Qa3 Re8 16. Bd2 Nc6 17. Be3 Bf8 18. Qb2 Qe7 19. Rb1 Rac8 20. Rfc1 Qa3 1/2-1/2

[Event "Martorell op-A"]
[Site "Martorell"]
[Date "1997.??.??"]
[Round "3"]
[White "Toribio Martinez, Pedro"]
[Black "Companyo Pagerols, Josep Maria"]
[Result "1-0"]
[WhiteElo "2235"]
[BlackElo "2090"]
[PlyCount "60"]
[EventDate "1997.09.??"]
[EventType "swiss"]
[EventRounds "9"]
[EventCountry "ESP"]
[SourceTitle "EXT 2003"]
[Source "ChessBase"]
[SourceDate "2002.11.25"]
[SourceVersion "1"]
[SourceVersionDate "2002.11.25"]
[SourceQuality "1"]

1. d4 d5 2. Nf3 c5 3. e3 e6 4. b3 Nf6 5. Bd3 Nc6 6. 0-0 Bd6 7. Bb2 cxd4 8. exd4 0-0 9. Nbd2 Nb4 10. Be2 b6 11. a3 Na6 12. Bd3 Nc7 13. Qe2 a5 14. Ne5 Ba6 15. c4 Nd7 16. f4 Bxe5 17. fxe5 a4 18. b4 dxc4 19. Nxc4 Nd5 20. Rf3 f5 21. exf6 Rxf6 22. Rxf6 Qxf6 23. Rf1 Qe7 24. Nd2 Bxd3 25. Qxd3 Rc8 26. Nc4 N7f6 27. Qe2 Qd7 28. Re1 h6 29. b5 Kh8 30. Ne5 Qd6 1-0